000 00626nam a2200229Ia 4500
008 160418s9999 xx 000 0 und d
020 _a971-23-3591-7
050 _aFIL PN 6014
050 _b.B37 2003
100 _aBascara, Linda R.
245 _aWorld Literature :
245 _ba tertiary textbook for literature II under the new curriculum /
245 _cLinda R. Bascara.
250 _aRevised Edition
260 _aManila :
260 _bRex Book Store, Inc.,
260 _c2003
300 _a373 pages :
300 _billustrations ;
300 _c22 cm.
650 _aLiterature -- Collected works.
999 _c293527
_d293527